LEADER 00650nam a2200169 i 4500 001 000000249002 003 CaOOAMICUS 005 20160428000000.0 008 160428s1848 xx u000 u fre u 013 $a227907 040 $aSeMil$bita 245 10$aArchaisme-Atrophie. 300 $a776 p. 773 0 $tEncyclopédie moderne.$bNouvelle édition / publiée par mm. Firmin Didot frères ; sous la direction de m. Léon Renier.$dParis : Firmin Didot frères, 1846-1854.$g4$w()5142 850 $aSeMil 852 $aSeMil$W1$xVenegono$y1$m1D VI 4 FA$j199348$B199348$CSeMilBibl$Z2$F210781 $8I 996 $6245$aArchaisme-Atrophie$9(OLS)http://semarc/title/351278 LEADER 00867nam a2200217 i 4500 001 000000060288 003 CaOOAMICUS 005 20140505000000.0 008 140505s1967 xx u000 u eng u 013 $a31460 040 $aSeMil$bita 245 10$aFrontline Theology /$cEdited by Dean Peerman ; with an introductory essay by Martin E. Marty. 260 $aLondon :$bSCM Press,$c1967. 300 $a172 p. ;$c22 cm. 650 4$aTeologia protestante.$0(OLS)http://semarc/subject/720 700 1 $aMarty, Martin E.,$d<1928- >.$0(OLS)http://semarc/name/30676 700 1 $aPeerman, Dean.$0(OLS)http://semarc/name/30578 850 $aSeMil 852 $aSeMil$W1$xVenegono$y1$m2K II 258$j26441$B26441$CSeMilBibl$Z2$F26444 $81 996 $6245$aFrontline Theology$9(OLS)http://semarc/title/94444 996 $6260$aLondon :$bSCM Press$9(OLS)http://semarc/publisher/34364